[Event "Trieste op 20th"]
[Site "Trieste"]
[Date "2018.09.01"]
[Round "1"]
[White "Gukesh, Dommaraju"]
[Black "Bevilacqua, Andrea"]
[Result "1-0"]
[WhiteElo "2453"]
[BlackElo "2127"]
[PlyCount "85"]
[EventDate "2018.09.01"]
[EventType "swiss"]
[EventRounds "9"]
[EventCountry "ITA"]
[SourceTitle "CBM 186 Extra"]
[Source "ChessBase"]
[SourceDate "2018.08.24"]
[SourceVersion "1"]
[SourceVersionDate "2018.08.24"]
[SourceQuality "1"]

1. Nf3 d6 2. d4 g6 3. g3 Bg7 4. Bg2 Nf6 5. 0-0 0-0 6. Re1 c6 7. e4 Na6 8. Nc3 Re8 9. h3 Qc7 10. e5 Nd5 11. Nxd5 cxd5 12. Bf4 Bf5 13. c3 Qb6 14. Qb3 Qxb3 15. axb3 Be4 16. exd6 e6 17. b4 Red8 18. b5 Nb8 19. c4 Bxf3 20. Bxf3 Bxd4 21. cxd5 e5 22. Bxe5 Bxe5 23. Rxe5 Nd7 24. Re7 Nb6 25. Rxb7 Rxd6 26. Raxa7 Rxa7 27. Rxa7 Kg7 28. Rc7 Kf6 29. Kf1 h5 30. Ke2 Nd7 31. Ke3 Ke5 32. Bg2 g5 33. Rc6 g4 34. hxg4 hxg4 35. b3 Rg6 36. Rxg6 fxg6 37. Kd3 Kd6 38. Kc4 Kc7 39. Be4 Kd6 40. Kd4 Nc5 41. b4 Nb3+ 42. Kc3 Nc1 43. b6 1-0

[Event "Trieste op 19th"]
[Site "Trieste"]
[Date "2017.09.08"]
[Round "8"]
[White "Juretic, Lejla"]
[Black "Bevilacqua, Andrea"]
[Result "0-1"]
[WhiteElo "1930"]
[BlackElo "2124"]
[PlyCount "88"]
[EventDate "2017.09.02"]
[EventType "swiss"]
[EventRounds "9"]
[EventCountry "ITA"]
[SourceTitle "CBM 180 Extra"]
[Source "ChessBase"]
[SourceDate "2017.10.06"]
[SourceVersion "1"]
[SourceVersionDate "2017.10.06"]
[SourceQuality "1"]

1. d4 f5 2. Nf3 Nf6 3. Bf4 e6 4. e3 Be7 5. h3 0-0 6. Bd3 d5 7. Nbd2 c6 8. 0-0 Ne4 9. Ne5 Nxd2 10. Qxd2 Nd7 11. c3 Nxe5 12. Bxe5 Bd7 13. f3 Be8 14. e4 Bg6 15. Qe2 f4 16. Qd2 Bg5 17. Rae1 Bh4 18. Re2 Bg3 19. c4 b6 20. b3 a5 21. Rc1 Rc8 22. Qd1 Kh8 23. Rec2 dxe4 24. Bxe4 Bxe4 25. fxe4 Qg5 26. Qf3 c5 27. Bd6 Rcd8 28. dxc5 e5 29. Rd1 bxc5 30. Rcd2 Rfe8 31. Rd5 Qf6 32. Bxc5 h6 33. Bd6 a4 34. Qc3 Qg6 35. Rxe5 axb3 36. axb3 Rxe5 37. Qxe5 Ra8 38. c5 Ra2 39. Kh1 Rxg2 40. Qf5 Rh2+ 41. Kg1 Bf2+ 42. Kf1 Qg2+ 43. Ke2 Bxc5+ 44. Kd3 Qc2# 0-1

[Event "Trieste op 19th"]
[Site "Trieste"]
[Date "2017.09.05"]
[Round "5"]
[White "Bevilacqua, Andrea"]
[Black "Loiacono, Antonio"]
[Result "1/2-1/2"]
[WhiteElo "2124"]
[BlackElo "2296"]
[PlyCount "67"]
[EventDate "2017.09.02"]
[EventType "swiss"]
[EventRounds "9"]
[EventCountry "ITA"]
[SourceTitle "CBM 180 Extra"]
[Source "ChessBase"]
[SourceDate "2017.10.06"]
[SourceVersion "1"]
[SourceVersionDate "2017.10.06"]
[SourceQuality "1"]

1. e4 e5 2. Nf3 Nc6 3. Bc4 Bc5 4. Nc3 Nf6 5. d3 0-0 6. Bg5 h6 7. Bh4 Be7 8. Bxf6 Bxf6 9. Nd5 d6 10. c3 g6 11. Nxf6+ Qxf6 12. Nd2 Be6 13. Qe2 a6 14. Qe3 Kg7 15. 0-0-0 b5 16. Bxe6 Qxe6 17. Kb1 b4 18. c4 Na5 19. f4 exf4 20. Qxf4 c5 21. g4 Nc6 22. Nf3 a5 23. h4 a4 24. Rhg1 f6 25. h5 g5 26. Qg3 Ne5 27. Rd2 Rf7 28. Nh2 Kh7 29. Rf1 Re8 30. Re2 Kg7 31. Rfe1 Nc6 32. Nf3 Ne5 33. Nh2 Rfe7 34. Rc1 1/2-1/2

[Event "Trieste op 12th"]
[Site "Trieste"]
[Date "2010.09.06"]
[Round "4"]
[White "Bevilacqua, Andrea"]
[Black "Srebrnic, Vojko"]
[Result "0-1"]
[WhiteElo "2132"]
[BlackElo "2201"]
[PlyCount "158"]
[EventDate "2010.09.04"]
[EventType "swiss"]
[EventRounds "9"]
[EventCountry "ITA"]
[SourceTitle "CBM 138 Extra"]
[Source "ChessBase"]
[SourceDate "2010.10.29"]
[SourceVersion "1"]
[SourceVersionDate "2010.10.29"]
[SourceQuality "1"]

1. d4 g6 2. e4 c6 3. Nf3 d5 4. Nc3 Bg7 5. Be2 Bg4 6. exd5 cxd5 7. Ne5 Bxe2 8. Qxe2 a6 9. 0-0 Nf6 10. Re1 0-0 11. Bg5 Qb6 12. Qe3 e6 13. Na4 Qc7 14. Nc5 Nbd7 15. Ncxd7 Nxd7 16. Nxd7 Qxd7 17. c3 Rfc8 18. Qf4 b5 19. Bf6 Qc7 20. Qh4 Rab8 21. a3 a5 22. Re3 b4 23. axb4 axb4 24. Rh3 Bxf6 25. Qxf6 Qd8 26. Qf4 Qe7 27. Qh6 f6 28. Re1 bxc3 29. bxc3 Rb6 30. Qd2 Rbc6 31. Rhe3 Qd7 32. h3 Kf7 33. Qe2 Rb8 34. f4 Rb3 35. f5 gxf5 36. Qh5+ Kg7 37. Rg3+ Kh8 38. Qh6 Qf7 39. Ra1 Rcb6 40. Ra7 Rb7 41. Ra6 R7b6 42. Ra8+ Rb8 43. Ra7 R3b7 44. Ra6 Re7 45. Rc6 Rf8 46. Kh2 Rfe8 47. Ra6 Qf8 48. Qh4 Rg7 49. Qf4 Rxg3 50. Kxg3 Qg7+ 51. Kh2 Rg8 52. Ra2 h5 53. h4 Kh7 54. Re2 Qf7 55. Qf3 Re8 56. Qf4 Re7 57. Re3 Re8 58. Rg3 Rc8 59. Re3 Qd7 60. Qf3 Qf7 61. Qf4 Rg8 62. Rg3 Rg4 63. Rxg4 hxg4 64. Qd6 Kg6 65. Qb8 Kg7 66. Qd6 Kh7 67. Kg3 Qg8 68. Qe7+ Kg6 69. Qc7 Kh5 70. Qe7 Qb8+ 71. Kf2 Qf4+ 72. Ke2 Kxh4 73. Qxf6+ Kg3 74. Qxe6 Kxg2 75. c4 dxc4 76. d5 c3 77. Qe3 Qf3+ 78. Kd3 f4 79. Qxf3+ gxf3 0-1

[Event "Trieste op 11th"]
[Site "Trieste"]
[Date "2009.08.30"]
[Round "1"]
[White "Tratar, Marko"]
[Black "Bevilacqua, Andrea"]
[Result "1-0"]
[WhiteElo "2494"]
[BlackElo "2105"]
[PlyCount "153"]
[EventDate "2009.08.30"]
[EventType "swiss"]
[EventRounds "9"]
[EventCountry "ITA"]
[SourceTitle "CBM 132 Extra"]
[Source "ChessBase"]
[SourceDate "2009.11.03"]
[SourceVersion "1"]
[SourceVersionDate "2009.11.03"]
[SourceQuality "1"]

1. d4 f5 2. g3 d5 3. Bg2 Nf6 4. c4 e6 5. Nf3 Be7 6. 0-0 0-0 7. Qc2 c6 8. Nbd2 Ne4 9. Ne5 Nxd2 10. Bxd2 Nd7 11. Nd3 Bf6 12. e3 Kh8 13. Bb4 Re8 14. Rfd1 a5 15. Ba3 b5 16. cxd5 cxd5 17. Bd6 Bb7 18. Rac1 Ra6 19. Qc7 Ba8 20. Ne5 Qxc7 21. Rxc7 Nxe5 22. dxe5 Bd8 23. Rc8 Bc6 24. Bf1 Bd7 25. Rc5 Rb6 26. Bc7 Rb7 27. Bxd8 Rxd8 28. Rdc1 Kg8 29. b3 Kf8 30. h4 g6 31. Be2 h6 32. g4 fxg4 33. Bxg4 Ke7 34. Be2 Rdb8 35. Bd3 g5 36. hxg5 hxg5 37. Kg2 Rh8 38. Rc7 Rxc7 39. Rxc7 Rb8 40. Kg3 Kd8 41. Rc1 b4 42. Rh1 Rb6 43. Rh8+ Kc7 44. Ra8 a4 45. Ra7+ Kc8 46. bxa4 b3 47. a5 Rb4 48. axb3 Rxb3 49. Ba6+ Kd8 50. Ra8+ Kc7 51. Kg4 Rb2 52. Rf8 Ra2 53. Kxg5 Rxa5 54. Be2 Ra2 55. Bg4 Rd2 56. f3 Re2 57. Kf4 Ra2 58. Rf6 Ra6 59. Kg5 Kd8 60. Rh6 Ke7 61. Rh7+ Kd8 62. Kf6 Rb6 63. Re7 Rb3 64. Bxe6 Bc6 65. f4 Rxe3 66. Ra7 d4 67. Ra8+ Kc7 68. Rc8+ Kb6 69. Rd8 Kc5 70. f5 d3 71. Ke7 Rxe5 72. f6 Bb5 73. Rc8+ Kd4 74. f7 d2 75. f8Q Bd3 76. Qf4+ Re4 77. Qxd2 1-0

[Event "Trieste op 08th"]
[Site "Trieste"]
[Date "2006.09.08"]
[Round "8"]
[White "Bevilacqua, Andrea"]
[Black "Pregarac, Valter"]
[Result "1/2-1/2"]
[WhiteElo "2054"]
[BlackElo "2058"]
[PlyCount "36"]
[EventDate "2006.09.02"]
[EventType "swiss"]
[EventRounds "9"]
[EventCountry "ITA"]
[SourceTitle "CBM 114 Extra"]
[Source "ChessBase"]
[SourceDate "2006.11.03"]
[SourceVersion "1"]
[SourceVersionDate "2006.11.03"]
[SourceQuality "1"]

1. e4 e6 2. d4 d5 3. exd5 exd5 4. Bd3 Bd6 5. c3 Nf6 6. Nf3 0-0 7. 0-0 Bg4 8. Bg5 Nbd7 9. Nbd2 c6 10. Qc2 Qc7 11. Rae1 Bxf3 12. Nxf3 h6 13. Bxf6 Nxf6 14. h3 Rfe8 15. Nh4 Rxe1 16. Rxe1 Re8 17. Rxe8+ Nxe8 18. Qe2 Qe7 1/2-1/2

[Event "Trieste op 08th"]
[Site "Trieste"]
[Date "2006.09.04"]
[Round "4"]
[White "Bevilacqua, Andrea"]
[Black "Medancic, Rikard"]
[Result "1/2-1/2"]
[WhiteElo "2054"]
[BlackElo "2265"]
[PlyCount "45"]
[EventDate "2006.09.02"]
[EventType "swiss"]
[EventRounds "9"]
[EventCountry "ITA"]
[SourceTitle "CBM 114 Extra"]
[Source "ChessBase"]
[SourceDate "2006.11.03"]
[SourceVersion "1"]
[SourceVersionDate "2006.11.03"]
[SourceQuality "1"]

1. e4 e5 2. Nf3 Nc6 3. d4 exd4 4. Nxd4 Nge7 5. Nc3 Nxd4 6. Qxd4 Nc6 7. Qe3 Nb4 8. Qe2 Be7 9. Be3 0-0 10. a3 Nc6 11. 0-0-0 d6 12. f4 Qe8 13. Nd5 Bd8 14. Qf3 Ne7 15. Nxe7+ Qxe7 16. Bd3 Re8 17. Rhe1 Bd7 18. e5 Bc6 19. Qh3 Qh4 20. Qxh4 Bxh4 21. g3 Be7 22. exd6 Bxd6 23. Bd4 1/2-1/2

[Event "Trieste op 07th"]
[Site "Trieste"]
[Date "2005.09.04"]
[Round "3"]
[White "Bosiocic, Marin"]
[Black "Bevilacqua, Andrea"]
[Result "1-0"]
[WhiteElo "2381"]
[BlackElo "1978"]
[PlyCount "119"]
[EventDate "2005.09.04"]
[EventType "swiss"]
[EventRounds "9"]
[EventCountry "ITA"]
[SourceTitle "CBM 108 Extra"]
[Source "ChessBase"]
[SourceDate "2005.11.04"]
[SourceVersion "1"]
[SourceVersionDate "2005.11.04"]
[SourceQuality "1"]

1. d4 f5 2. Bg5 Nf6 3. Bxf6 exf6 4. c4 Bb4+ 5. Nc3 Nc6 6. e3 Qe7 7. Nge2 d6 8. a3 Bxc3+ 9. Nxc3 0-0 10. Be2 Nd8 11. 0-0 c6 12. Qd3 Ne6 13. f4 Nc7 14. Bf3 Bd7 15. b4 g6 16. Rad1 Rad8 17. Rfe1 b6 18. a4 Qf7 19. b5 d5 20. cxd5 cxd5 21. Rc1 Rc8 22. Na2 Ne8 23. Nb4 Rxc1 24. Rxc1 Be6 25. Rc6 Kh8 26. Qc2 Qd7 27. Qb3 Nc7 28. Kf2 Kg7 29. Na2 Kh8 30. Nc3 Rd8 31. Qb4 Kg8 32. a5 Rb8 33. axb6 Rxb6 34. Qc5 Na6 35. Qa3 Rxc6 36. bxc6 Qxc6 37. Be2 Nc7 38. Na4 Kf7 39. Nc5 Qb6 40. h4 a5 41. Bf3 Qb4 42. Qa2 Ke7 43. h5 gxh5 44. Qc2 Qc4 45. Qb1 Qb4 46. Qc2 Qc4 47. Qb1 Qb4 48. Qc1 Qc4 49. Qh1 Qc2+ 50. Kg3 Bf7 51. Qe1 Qa2 52. Nb7 Qa4 53. Qc3 Qc4 54. Qxa5 Kf8 55. Nd6 Qc1 56. Nxf5 Kg8 57. Qb4 h4+ 58. Kxh4 Be6 59. Nh6+ Kg7 60. Qe7+ 1-0

[Event "ITA-ch U20"]
[Site "Bratto"]
[Date "2005.08.25"]
[Round "6"]
[White "Fratino, Lorenzo"]
[Black "Bevilacqua, Andrea"]
[Result "1/2-1/2"]
[WhiteElo "1905"]
[BlackElo "1978"]
[PlyCount "84"]
[EventDate "2005.08.20"]
[EventType "swiss"]
[EventRounds "9"]
[EventCountry "ITA"]
[SourceTitle "EXT 2006"]
[Source "ChessBase"]
[SourceDate "2005.11.24"]
[SourceVersion "1"]
[SourceVersionDate "2005.11.24"]
[SourceQuality "1"]

1. e4 e5 2. d4 exd4 3. Qxd4 Nc6 4. Qe3 Nf6 5. Nc3 Bb4 6. Bd2 0-0 7. 0-0-0 Re8 8. Bc4 d6 9. f3 Na5 10. Be2 Bd7 11. g4 Bc5 12. Qf4 Nc6 13. h4 Nd4 14. h5 Bc6 15. g5 Nd7 16. g6 Qf6 17. Bc4 Qxf4 18. Bxf4 Ne6 19. Nh3 f6 20. Bd2 h6 21. Nf4 Ndf8 22. Ncd5 Kh8 23. Nxe6 Nxe6 24. f4 b5 25. Bb3 Rac8 26. c3 Bb7 27. f5 Nd8 28. Bxh6 gxh6 29. Nxf6 Be3+ 30. Kc2 Rxe4 31. Rhe1 Kg7 32. Bd5 Kxf6 33. Bxe4 Bxe4+ 34. Kb3 Bf3 35. Rd3 Bf2 36. Re8 Bc6 37. Rh8 Bd7 38. Rf3 Nb7 39. Rxc8 Nc5+ 40. Kc2 Bxc8 41. Rxf2 Ne4 42. Rf4 d5 1/2-1/2

[Event "ITA-ch U20"]
[Site "Bratto"]
[Date "2005.08.22"]
[Round "3"]
[White "Cappai, Davide"]
[Black "Bevilacqua, Andrea"]
[Result "1/2-1/2"]
[WhiteElo "2115"]
[BlackElo "1978"]
[PlyCount "91"]
[EventDate "2005.08.20"]
[EventType "swiss"]
[EventRounds "9"]
[EventCountry "ITA"]
[SourceTitle "EXT 2006"]
[Source "ChessBase"]
[SourceDate "2005.11.24"]
[SourceVersion "1"]
[SourceVersionDate "2005.11.24"]
[SourceQuality "1"]

1. e4 e5 2. Nf3 Nc6 3. Bc4 Nf6 4. Ng5 d5 5. exd5 Na5 6. d3 h6 7. Nf3 e4 8. dxe4 Nxc4 9. Qd4 Nd6 10. e5 Nf5 11. Qa4+ Bd7 12. Qb3 Bc5 13. 0-0 0-0 14. exf6 Qxf6 15. Nc3 Rfe8 16. Qc4 Bb6 17. Bd2 g5 18. Ne4 Qg6 19. Bc3 Nd6 20. Nxd6 cxd6 21. Rfe1 Qxc2 22. Nd4 Qg6 23. a4 Rxe1+ 24. Rxe1 Re8 25. Rxe8+ Bxe8 26. h3 Qe4 27. a5 Bxd4 28. Bxd4 a6 29. Qc3 Qf5 30. Bh8 f6 31. Bxf6 Qxd5 32. Qc7 Qf7 33. Qxd6 Kh7 34. Bc3 Bc6 35. Qe5 Kg6 36. h4 gxh4 37. Qd4 Qd5 38. Qg7+ Kh5 39. f3 Qc5+ 40. Kh1 Qf5 41. Be5 Qe6 42. Bf4 h3 43. g4+ Kh4 44. Qc3 h5 45. Qd2 Bxf3+ 46. Kh2 1/2-1/2

[Event "Trieste op-A 06th"]
[Site "Trieste"]
[Date "2004.09.09"]
[Round "6"]
[White "Padjen, Zdenko"]
[Black "Bevilacqua, Andrea"]
[Result "1/2-1/2"]
[WhiteElo "2099"]
[BlackElo "1736"]
[PlyCount "82"]
[EventDate "2004.09.04"]
[EventType "swiss"]
[EventRounds "9"]
[EventCountry "ITA"]
[SourceTitle "CBM 102 Extra"]
[Source "ChessBase"]
[SourceDate "2004.11.03"]
[SourceVersion "1"]
[SourceVersionDate "2004.11.03"]
[SourceQuality "1"]

1. e4 e5 2. Nf3 Nf6 3. Nxe5 d6 4. Nf3 Nxe4 5. Nc3 Nxc3 6. dxc3 Be7 7. Bf4 0-0 8. Qd2 Nc6 9. 0-0-0 Be6 10. Ng5 Bxg5 11. Bxg5 f6 12. Bh4 Ne5 13. f4 Nd7 14. Be2 Nc5 15. Kb1 Qd7 16. Qd4 Qa4 17. Qxa4 Nxa4 18. Bf3 Rae8 19. Rhe1 Bf7 20. Bf2 a6 21. Ka1 Re6 22. Rxe6 Bxe6 23. Bd4 b6 24. Re1 Kf7 25. g4 g6 26. g5 f5 27. Bc6 Nc5 28. Bf6 Ne4 29. Bxe4 fxe4 30. Rxe4 Re8 31. b3 Bf5 32. Rxe8 Kxe8 33. Kb2 d5 34. c4 dxc4 35. bxc4 c5 36. Kc3 Kd7 37. Bg7 a5 38. a3 Kc6 39. Bf6 a4 40. h4 Kd7 41. Kd2 Kc6 1/2-1/2

[Event "ITA-ch U20"]
[Site "Porto San Giorgio"]
[Date "2004.08.27"]
[Round "8"]
[White "Bevilacqua, Andrea"]
[Black "Santagati, Alessandro"]
[Result "0-1"]
[WhiteElo "1736"]
[BlackElo "2176"]
[PlyCount "119"]
[EventDate "2004.08.20"]
[EventType "swiss"]
[EventRounds "9"]
[EventCountry "ITA"]
[SourceTitle "EXT 2005"]
[Source "ChessBase"]
[SourceDate "2004.11.15"]
[SourceVersion "1"]
[SourceVersionDate "2004.11.15"]
[SourceQuality "1"]

1. d4 d5 2. Nf3 Nf6 3. c4 e6 4. Bg5 c6 5. e3 h6 6. Bf4 Bb4+ 7. Nbd2 Ne4 8. a3 Nxd2 9. Nxd2 Bd6 10. Bxd6 Qxd6 11. c5 Qe7 12. f4 Nd7 13. Bd3 0-0 14. Qh5 b6 15. b4 a5 16. Ke2 Ba6 17. g4 Bxd3+ 18. Kxd3 axb4 19. axb4 bxc5 20. bxc5 Rxa1 21. Rxa1 Nf6 22. Qh4 Qb7 23. Ke2 Qb5+ 24. Kf3 Qd3 25. Qf2 Rb8 26. Qe2 Qc3 27. Rb1 Ra8 28. Rb3 Qc2 29. g5 Ne4 30. Rd3 Ra2 31. gxh6 Nxd2+ 32. Kg4 Nc4 33. Qxc2 Rxc2 34. hxg7 Rxh2 35. f5 Kxg7 36. fxe6 fxe6 37. Rb3 Rb2 38. Rc3 Kf6 39. e4 Rg2+ 40. Kf3 Ra2 41. exd5 exd5 42. Kg4 Rd2 43. Rf3+ Ke6 44. Rf4 Ne3+ 45. Kf3 Nf5 46. Rg4 Kf6 47. Rg8 Rxd4 48. Rc8 Ne7 49. Ra8 Rc4 50. Ra5 Rc3+ 51. Ke2 Ke5 52. Kd2 Kd4 53. Ra7 Nf5 54. Rf7 Ng3 55. Rh7 Ne4+ 56. Kd1 Rh3 57. Rg7 Kd3 58. Kc1 Rh2 59. Rf7 Rc2+ 60. Kd1 0-1

[Event "ITA-ch U20"]
[Site "Porto San Giorgio"]
[Date "2004.08.26"]
[Round "7"]
[White "Bevilacqua, Andrea"]
[Black "Buono, Valerio"]
[Result "1-0"]
[WhiteElo "1736"]
[BlackElo "1978"]
[PlyCount "117"]
[EventDate "2004.08.20"]
[EventType "swiss"]
[EventRounds "9"]
[EventCountry "ITA"]
[SourceTitle "EXT 2005"]
[Source "ChessBase"]
[SourceDate "2004.11.15"]
[SourceVersion "1"]
[SourceVersionDate "2004.11.15"]
[SourceQuality "1"]

1. f4 d5 2. Nf3 Nf6 3. d3 Bg4 4. e3 Nc6 5. h3 Bd7 6. g4 h6 7. Bg2 e6 8. 0-0 Nh7 9. Nc3 Bd6 10. e4 dxe4 11. dxe4 Qe7 12. Be3 Bc5 13. Qe2 0-0-0 14. Qf2 Bxe3 15. Qxe3 Qb4 16. a4 Qb6 17. Qxb6 axb6 18. Nb5 Nf6 19. Nfd4 Nxd4 20. Nxd4 c5 21. Nb5 Bxb5 22. axb5 Kc7 23. g5 Nd7 24. gxh6 Rxh6 25. e5 Rhh8 26. Ra7 Rb8 27. Rd1 Rhd8 28. Rd6 Kc8 29. Bc6 Kc7 30. Bg2 Kc8 31. h4 Re8 32. Bxb7+ Rxb7 33. Rxb7 Kxb7 34. Rxd7+ Kc8 35. Rxf7 Rh8 36. Rxg7 Rxh4 37. Rf7 Rg4+ 38. Kf2 Rh4 39. Ke3 Rh2 40. c4 Rxb2 41. Re7 Rb4 42. Kd3 Rb3+ 43. Ke4 Rb4 44. Rxe6 Rxc4+ 45. Kd5 Rxf4 46. Rxb6 Rf1 47. Rc6+ Kd7 48. Kxc5 Rc1+ 49. Kb6 Rb1 50. Rd6+ Kc8 51. e6 Re1 52. Ka7 Kc7 53. Rc6+ Kd8 54. b6 Ra1+ 55. Kb8 Ra6 56. Rd6+ Ke7 57. Kc7 Ra2 58. b7 Ra7 59. Rb6 1-0

[Event "ITA-ch U20"]
[Site "Porto San Giorgio"]
[Date "2004.08.22"]
[Round "3"]
[White "Cacciola, Alfredo"]
[Black "Bevilacqua, Andrea"]
[Result "1/2-1/2"]
[WhiteElo "2052"]
[BlackElo "1736"]
[PlyCount "182"]
[EventDate "2004.08.20"]
[EventType "swiss"]
[EventRounds "9"]
[EventCountry "ITA"]
[SourceTitle "EXT 2005"]
[Source "ChessBase"]
[SourceDate "2004.11.15"]
[SourceVersion "1"]
[SourceVersionDate "2004.11.15"]
[SourceQuality "1"]

1. e4 e5 2. Nf3 Nc6 3. Bb5 d6 4. d4 exd4 5. Nxd4 Bd7 6. Nc3 Nf6 7. Bg5 Be7 8. h4 h5 9. Qd2 Nxd4 10. Bxd7+ Qxd7 11. Qxd4 Qg4 12. Rg1 0-0 13. f3 Qg3+ 14. Qf2 Qxf2+ 15. Kxf2 a6 16. Rad1 Rfe8 17. Nd5 Nxd5 18. Rxd5 Bxg5 19. hxg5 g6 20. Rgd1 Kf8 21. Kg3 Re5 22. Rxe5 dxe5 23. Rd7 Rc8 24. Kh4 b6 25. Kg3 a5 26. a4 c6 27. Kf2 Ke8 28. Rb7 b5 29. b3 Rd8 30. axb5 Rd2+ 31. Kg3 Rxc2 32. bxc6 Rxc6 33. Rb5 Ra6 34. Rxe5+ Kf8 35. f4 a4 36. bxa4 Rxa4 37. Kh4 Ra1 38. f5 gxf5 39. exf5 Rh1+ 40. Kg3 Kg7 41. Re7 Rf1 42. Re5 Rh1 43. Re4 Rf1 44. Rf4 Rh1 45. Kf2 Ra1 46. Re4 Ra5 47. Rf4 Ra1 48. Kg3 Rh1 49. Rf3 Ra1 50. Rd3 Rf1 51. Rd5 Ra1 52. Kf4 Rf1+ 53. Ke3 Re1+ 54. Kf2 Ra1 55. Kg3 Rh1 56. Rd8 Rf1 57. f6+ Kg6 58. Rg8+ Kf5 59. Rg7 Rh1 60. Kf3 Rf1+ 61. Ke3 Re1+ 62. Kf2 Rh1 63. Kg3 Rf1 64. g6 fxg6 65. f7 Ke6 66. f8Q Rxf8 67. Rxg6+ Rf6 68. Rg5 Rh6 69. Kh4 Kf6 70. Rxh5 Rg6 71. g4 Kg7 72. Rg5 Kh7 73. Rd5 Ra6 74. Kg5 Rg6+ 75. Kf5 Kh6 76. Rd1 Rg5+ 77. Kf4 Ra5 78. Rd6+ Kg7 79. Re6 Rb5 80. Kg3 Ra5 81. Kh4 Rb5 82. Rd6 Ra5 83. g5 Ra1 84. Kh5 Rh1+ 85. Kg4 Rg1+ 86. Kf5 Rf1+ 87. Ke4 Rg1 88. Kf5 Rf1+ 89. Ke6 Kg6 90. Rd5 Re1+ 91. Kd6 Rg1 1/2-1/2

[Event "ITA-ch U20 25th"]
[Site "Bratto"]
[Date "2002.08.27"]
[Round "8"]
[White "Nardelli, Marco"]
[Black "Bevilacqua, Andrea"]
[Result "1-0"]
[WhiteElo "1821"]
[BlackElo "1500"]
[PlyCount "41"]
[EventDate "2002.08.20"]
[EventType "swiss"]
[EventRounds "9"]
[EventCountry "ITA"]
[SourceTitle "EXT 2007"]
[Source "ChessBase"]
[SourceDate "2006.11.23"]
[SourceVersion "1"]
[SourceVersionDate "2006.11.23"]
[SourceQuality "1"]

1. e4 e6 2. d4 d5 3. Nc3 Nf6 4. Bg5 Be7 5. e5 Nfd7 6. h4 a6 7. Qg4 Bxg5 8. hxg5 c5 9. g6 f5 10. Qh5 h6 11. Nf3 Rg8 12. 0-0-0 c4 13. Bxc4 Qa5 14. Bxd5 exd5 15. Qxf5 Rf8 16. Qe6+ Kd8 17. Nxd5 Nc6 18. Qd6 Qxa2 19. e6 Qa1+ 20. Kd2 Qa5+ 21. b4 1-0

[Event "ITA-ch U20 25th"]
[Site "Bratto"]
[Date "2002.08.23"]
[Round "4"]
[White "Bevilacqua, Andrea"]
[Black "Nardi, Marco"]
[Result "1-0"]
[WhiteElo "1500"]
[BlackElo "1690"]
[PlyCount "65"]
[EventDate "2002.08.20"]
[EventType "swiss"]
[EventRounds "9"]
[EventCountry "ITA"]
[SourceTitle "EXT 2007"]
[Source "ChessBase"]
[SourceDate "2006.11.23"]
[SourceVersion "1"]
[SourceVersionDate "2006.11.23"]
[SourceQuality "1"]

1. e4 e5 2. f4 Bc5 3. Nf3 d6 4. Bc4 Nf6 5. Nc3 0-0 6. d3 Nc6 7. Na4 Bb6 8. Nxb6 axb6 9. Be3 Bg4 10. c3 Re8 11. 0-0 exf4 12. Bxf4 Nh5 13. Bxf7+ Kh8 14. Bxe8 Nxf4 15. Bxc6 bxc6 16. Qd2 Qf6 17. Nd4 Rf8 18. Kh1 c5 19. g3 cxd4 20. Rxf4 Bf3+ 21. Kg1 Qe7 22. Rxf8+ Qxf8 23. Rf1 dxc3 24. bxc3 d5 25. Qf2 dxe4 26. dxe4 h6 27. Qxf3 Qc5+ 28. Kh1 Qc4 29. Rd1 Qg8 30. Qf5 c5 31. e5 Qe8 32. e6 Qe7 33. Qf7 1-0